|
|
|
|
| LEADER |
00000nam0a2200000 4500 |
| 001 |
360391 |
| 005 |
20231102011301.0 |
| 035 |
|
|
|a (RuTPU)RU\TPU\retro\17717
|
| 090 |
|
|
|a 360391
|
| 100 |
|
|
|a 20210402d1973 km y0rusy50 ca
|
| 101 |
0 |
|
|a rus
|
| 102 |
|
|
|a RU
|
| 105 |
|
|
|a y z 001zy
|
| 200 |
1 |
|
|a Методика и таблицы планов контроля качества по количественным признакам
|f Ю. С. Вартанян, Г. Д. Карташов, И. И. Морозов, А. Н. Явриян
|
| 210 |
|
|
|a Москва
|c Издательство стандартов
|d 1974
|
| 215 |
|
|
|a 120 с.
|
| 320 |
|
|
|a Библиогр.: с. 118
|
| 606 |
1 |
|
|a Промышленная продукция
|x Качество
|x Статистический контроль
|2 stltpush
|3 (RuTPU)RU\TPU\subj\52227
|9 70715
|
| 610 |
1 |
|
|a нормальное распределение
|
| 610 |
1 |
|
|a распределение Вейбулла
|
| 610 |
1 |
|
|a количественные признаки
|
| 675 |
|
|
|a 658.562
|v 4
|
| 701 |
|
1 |
|a Вартанян
|b Ю. С.
|g Юрий Самсонович
|
| 701 |
|
1 |
|a Карташов
|b Г. Д.
|g Геннадий Дмитриевич
|
| 701 |
|
1 |
|a Морозов
|b И. И.
|g Иван Иванович
|
| 701 |
|
1 |
|a Явриян
|b А. Н.
|g Александр Николаевич
|
| 801 |
|
1 |
|a RU
|b 63413507
|c 20210402
|
| 801 |
|
2 |
|a RU
|b 63413507
|c 20210911
|g RCR
|
| 942 |
|
|
|c BK
|